UNIX step-by-step / (Record no. 188703)

000 -LEADER
fixed length control field 01065 a2200217 4500
003 - CONTROL NUMBER IDENTIFIER
control field Nust
005 - DATE AND TIME OF LATEST TRANSACTION
control field 20170207153547.0
010 ## - LIBRARY OF CONGRESS CONTROL NUMBER
LC control number 90062866
020 ## - INTERNATIONAL STANDARD BOOK NUMBER
International Standard Book Number 0672484692 :
040 ## - CATALOGING SOURCE
Transcribing agency Nust
082 00 - DEWEY DECIMAL CLASSIFICATION NUMBER
Classification number 005.43
100 1# - MAIN ENTRY--PERSONAL NAME
Personal name Smith, Ben.
245 10 - TITLE STATEMENT
Title UNIX step-by-step /
Statement of responsibility, etc. Ben Smith ; consulting editors, Stephen G. Kochan and Patrick H. Wood.
250 ## - EDITION STATEMENT
Edition statement 1st ed.
260 ## - PUBLICATION, DISTRIBUTION, ETC.
Place of publication, distribution, etc. Carmel, IN :
Name of publisher, distributor, etc. Howard W. Sams,
Date of publication, distribution, etc. c1990.
300 ## - PHYSICAL DESCRIPTION
Extent xviii, 442 p. :
Other physical details ill. ;
Dimensions 24 cm.
500 ## - GENERAL NOTE
General note "Covers AT&T system V through Release 4"--Cover.
505 ## - FORMATTED CONTENTS NOTE
Formatted contents note Introduction To UNIX (Page-1), Getting Started (Page-15), User Interfaces (Page-29), Files (Page-51), The Standard Editor (Page-101), Editing With Emacs (Page-139), Processes (Page-165), A Collection Of Utilities (Page-195), Networks, File Transfers And Comm. (Page-233), Advanced Utilities (Page-265), Basic Shell Scripts And The Shell Environment (Page-299), Advanced Shell Scripts (Page-329), Programming The Other Shells (Page-359).
538 ## - SYSTEM DETAILS NOTE
System details note Almirah No.7 Shelf No.5
650 #0 - SUBJECT ADDED ENTRY--TOPICAL TERM
Topical term or geographic name entry element Operating systems (Computers)
942 ## - ADDED ENTRY ELEMENTS (KOHA)
Source of classification or shelving scheme
Koha item type Book
Holdings
Withdrawn status Lost status Source of classification or shelving scheme Damaged status Not for loan Collection code Permanent Location Current Location Date acquired Total Checkouts Full call number Barcode Date last seen Price effective from Koha item type
            Military College of Signals (MCS) Military College of Signals (MCS) 12/12/2016   005.43 SMI MCS427 12/08/2016 12/12/2016 Book
© 2023 Central Library, National University of Sciences and Technology. All Rights Reserved.